Vznik špekulatívnych bublín a ich dosah na znaleckú činnosť diplomová práca

Enregistré dans:
Détails bibliographiques
Auteur principal: Janco, Peter
Collectivité auteur: Fakulta podnikového manažmentu EU. Katedra podnikových financií
Autres auteurs: Markovič, Peter, 1974-
Format: Livre
Langue:slovaque
Publié: Bratislava 2016
Tags: Ajouter un tag
Pas de tags, Soyez le premier à ajouter un tag!

MARC

LEADER 00000nbm a2200000 4500
001 0218191
005 20170220104446.3
041 0 |a slo 
044 |a SK 
245 1 0 |a Vznik špekulatívnych bublín a ich dosah na znaleckú činnosť  |b diplomová práca  |c Peter Janco ; školiteľ: Peter Markovič 
264 1 |a Bratislava  |c 2016 
300 |a 71 s. 
100 1 |a Janco, Peter 
700 1 |a Markovič, Peter, 1974- 
710 2 |a Fakulta podnikového manažmentu EU. Katedra podnikových financií